| 000 | 00677cam a2200229 a 4500 | ||
|---|---|---|---|
| 999 |
_c3324 _d3324 |
||
| 001 | 4422 | ||
| 003 | BD-DhUAP | ||
| 005 | 20200303154805.0 | ||
| 008 | 200303s1998 bg abf b f000 0 eng | ||
| 020 | _a1855860856 | ||
| 020 | _a9781855860858 | ||
| 040 |
_aBD-DhUAP _cBD-DhUAP _dBD-DhUAP _bEng |
||
| 082 |
_a770 HED _223 |
||
| 100 | _aHedgecoe, John. | ||
| 245 |
_aCreative photography work book / _cJohn Hedgecoe. |
||
| 260 |
_aNew York : _bCollins & Brown, _cc1999. |
||
| 300 |
_a192 pages : _bill. ; _c27 cm. |
||
| 504 | _aIncludes bibliographical references and index. | ||
| 650 | _aPhotography. | ||
| 942 |
_2ddc _cBK |
||